Представление документа в формате RUSMARC

ПолеНазваниеЗначение
  Тип записи a
  Библиографический уровень m
001 Контрольный номер RU/СЮИ МВД России/KNIGI/65.206я73/В49-521484
005 Дата корректировки 20140508173758.0
010 Индекс ISBN __
a ISBN 978-5-394-01467-3
100 Данные общей обработки __
a Данные общей обработки 20120302d2012 |||y0rusy0189
101 Язык документа 0_
a Язык текста rus
102 Страна публикации __
a Страна публикации RU
105 Кодированные данные (монография) __
a Кодированные данные (монография) y j 000yy
200 Заглавие и сведения об ответственности 1_
a Заглавие Организация и планирование деятельности предприятий сферы сервиса
e Сведения, относящиеся к заглавию учебное пособие: рек. УМО РФ для студентов вузов по специальности "Сервис"
f Первые сведения об ответственности М. В. Виноградова
205 Сведения об издании __
a Основные сведения об издании 6-е изд., перераб. и доп.
210 Выходные данные __
a Место издания М.
c Издательство Дашков и К°
d Дата издания 2012
215 Физическое описание __
a Объем 202 с.
320 Библиография __
a Библиография Алф. указ.: с. 428-438
320 Библиография __
a Библиография Библиогр.: с. 439-441
606 Тематические рубрики __
a Основная рубрика Сектор услуг
620 Место и дата публикации, исполнения и т.д. __
d Город Москва
686 Индексы других классификаций __
a Классификационный индекс 65.206я73
2 Код системы rubbk
686 Индексы других классификаций __
a Классификационный индекс 06.71.51
2 Код системы rugasnti
700 Автор _1
a Фамилия Виноградова
b Имя М. В.
4 Код отношения 070
701 Альтернативная интеллектуальная ответственность _1
a Фамилия Панина
b Имя З. И.
4 Код отношения 070
801 Источник записи _0
b Организация СЮИ МВД России
a Страна RU
c Дата составления 20120302
801 Источник записи _1
a Страна RU
b Организация ПКИ
c Дата составления 20120302
852 Данные о местонахождении __
a Наименование организации СЮИ МВД России
b Сигла хранения ЧЗ_Поволжский филиал
i Авторский знак В49
p Инвентарный номер 140406
j Шифр хранения 65.206я73
901 Тип документа __
t Тип документа m
938 Служебная информация __
a Название организации Поволжский филиал
b Имя БД Книги_Ирбис
c Название АИБС АБИС ИРБИС